01514nam a2200349Ia 4500001001200000003000800012006001900020007001500039008004100054010001700095020001800112020003500130040002100165035002000186050002400206100002500230245011500255260005100370300002400421490002000445504006200465533015200527650008000679650008100759650006100840651005500901655002900956710001700985830001901002856012601021999001701147ebr10354496CaPaEBRm u cr cn|||||||||030408s2003 iaua sb s001 0 eng d z 2003050407 z9780877458708 z0877458707 (pbk. : alk. paper) aCaPaEBRcCaPaEBR a(OCoLC)5610947114aE78.M75bB67 2003eb1 aBoszhardt, Robert F.12aA projectile point guide for the Upper Mississippi River Valleyh[electronic resource] /cRobert F. Boszhardt. aIowa City :bUniversity of Iowa Press,cc2003. aviii, 91 p. :bill.1 aA Bur Oak guide aIncludes bibliographical references (p. 79-87) and index. aElectronic reproduction.bPalo Alto, Calif. :cebrary,d2010.nAvailable via World Wide Web.nAccess may be limited to ebrary affiliated libraries. 0aIndians of North AmericaxImplementszMississippi River ValleyvGuidebooks. 0aIndians of North AmericazMississippi River ValleyxAntiquitiesvGuidebooks. 0aProjectile pointszMississippi River ValleyvGuidebooks. 0aMississippi River ValleyxAntiquitiesvGuidebooks. 7aElectronic books.2local2 aebrary, Inc. 0aBur Oak guide.40uhttp://site.ebrary.com/lib/rucke/Doc?id=10354496zAn electronic book accessible through the World Wide Web; click to view c44737d44737